000
00216 a2200097 4500
001
7059
100
_a
Ibrahim, S.M
245
_a
Tarikh-e-Tibri (Sirat-un-Nabi)
260
_a
_b
Nafees academy
_c
090
_c
5829
_d
5829
942
_a
NUST-CAE
_c
M
_c
32299
999
_c
242132
_d
242132